| 000 | 00821nam a2200265 4500 | ||
|---|---|---|---|
| 003 | DO-SdBNP | ||
| 005 | 20240912131643.0 | ||
| 008 | 170112b22005 ve | 00| 0 spa d | ||
| 020 | _a9803293370 | ||
| 040 |
_aBPMSU _bspa _cBPMSU |
||
| 082 | 4 |
_a574.5 _bR628f 2005 _222 |
|
| 100 | 1 | _aRoa Marquez, José Andrés | |
| 245 | 1 | 0 |
_aFundamentos básicos de los procesos ambientales para ingenieros / _cJosé Andrés Roa Márquez. |
| 250 | _a2a. ed. | ||
| 260 |
_aVenezuela : _bDecanato de Investigación, _c2005 |
||
| 300 |
_a327 p. : _bil. ; _c28 cm |
||
| 590 | _aInventariado, 2024/VM | ||
| 650 | 4 | _aEcología. | |
| 650 | 4 | _aEcosistemas. | |
| 650 | 4 | _aEcosistemas acuáticos. | |
| 650 | 4 | _aContaminación del aire | |
| 710 | 2 | _aOcéano Grupo Editorial | |
| 910 | _aVMateo V. Control de calidad. BPMSU | ||
| 942 |
_2ddc _cBK |
||
| 999 |
_c14812 _d14812 |
||